000 00605na a2200229 4500
001 21894
003 MIRAKIL
005 20181226092846.0
008 170208b tu n0 0 0
035 _a20918
040 _aMilas
_btur
_cTR-AnCHP
041 _atur
090 _a050 DER 41
245 _aDevlet yıllığı
_b1928-1929
_c[hazırlayan] Matbuat Umum Müdürlüğü
260 _aİstanbul
_bDevlet Matbaası
_c1929
300 _btbl. ; grf.
_c24 sm.
310 _aYıllık
650 _aYıllıklar
710 _aMatbuat Umum Müdürlüğü
910 _aDERGİ 41
942 _2ddc
_cSER
999 _c11508
_d11508